<?xml version="1.0" encoding="UTF-8"?>
<marc:record xmlns:marc="http://www.loc.gov/MARC21/slim">
   <marc:leader>00000nam a2200000 a 4500</marc:leader>
   <marc:datafield ind1="1" ind2=" " tag="100">
      <marc:subfield code="a">Gröber, Uwe</marc:subfield>
      <marc:subfield code="4">aut</marc:subfield>
      <marc:subfield code="e">Verfasser/-in</marc:subfield>
   </marc:datafield>
   <marc:datafield ind1=" " ind2=" " tag="653">
      <marc:subfield code="a">Die 10 besten Nahrungsergänzungsmittel</marc:subfield>
   </marc:datafield>
   <marc:datafield ind1=" " ind2=" " tag="653">
      <marc:subfield code="a">Mineralstoffe</marc:subfield>
   </marc:datafield>
   <marc:datafield ind1=" " ind2=" " tag="653">
      <marc:subfield code="a">Ernährung</marc:subfield>
   </marc:datafield>
   <marc:datafield ind1=" " ind2=" " tag="653">
      <marc:subfield code="a">Nahrungsergänzungsmittel Praxisbuch</marc:subfield>
   </marc:datafield>
   <marc:datafield ind1=" " ind2=" " tag="653">
      <marc:subfield code="a">Omega 3 Fettsäuren</marc:subfield>
   </marc:datafield>
   <marc:datafield ind1=" " ind2=" " tag="653">
      <marc:subfield code="a">Omega 6 Fettsäuren</marc:subfield>
   </marc:datafield>
   <marc:datafield ind1=" " ind2=" " tag="653">
      <marc:subfield code="a">Mangelerscheinungen</marc:subfield>
   </marc:datafield>
   <marc:datafield ind1=" " ind2=" " tag="653">
      <marc:subfield code="a">Gesund in sieben Tagen</marc:subfield>
   </marc:datafield>
   <marc:datafield ind1=" " ind2=" " tag="653">
      <marc:subfield code="a">Spurenelemente</marc:subfield>
   </marc:datafield>
   <marc:datafield ind1=" " ind2=" " tag="653">
      <marc:subfield code="a">Vitamin B 12</marc:subfield>
   </marc:datafield>
   <marc:datafield ind1=" " ind2=" " tag="653">
      <marc:subfield code="a">Softcover / Ratgeber/Gesundheit/Ernährung</marc:subfield>
   </marc:datafield>
   <marc:datafield ind1="0" ind2="0" tag="245">
      <marc:subfield code="a">Omega-3</marc:subfield>
   </marc:datafield>
   <marc:datafield ind1="0" ind2="0" tag="245">
      <marc:subfield code="b">gesünder leben mit den essenziellen Fettsäuren</marc:subfield>
   </marc:datafield>
   <marc:datafield ind1="0" ind2="0" tag="245">
      <marc:subfield code="c">Uwe Gröber</marc:subfield>
   </marc:datafield>
   <marc:datafield ind1=" " ind2="1" tag="264">
      <marc:subfield code="a">München</marc:subfield>
      <marc:subfield code="b">Südwest</marc:subfield>
      <marc:subfield code="c">2021</marc:subfield>
   </marc:datafield>
   <marc:datafield ind1="1" ind2=" " tag="520">
      <marc:subfield code="a">Angaben aus der Verlagsmeldung

Omega 3 : Gesünder leben mit den essentiellen Fettsäuren / von Uwe Gröber

Essenziell für die Zellgesundheit

Omega-3-Fettsäuren sind in aller Munde. Denn zahlreiche aktuelle Daten zeigen, dass Omega-3-Fettsäuren ein hohes Potenzial besitzen, gefürchteten Zivilisationskrankheiten (z. B. Herzinfarkt, Schlaganfall) vorzubeugen und einer Vielzahl von entzündlich geprägten Erkrankungen entgegenwirken zu können. Darüber hinaus unterstützen sie die Darmgesundheit, fördern die Hirn- und Gedächtnisleistung und verringern das Risiko, an Brust- oder Darmkrebs zu erkranken.
Omega-3-Fettsäuren sind essenzielle, also lebensnotwendige Stoffe. Sie können allerdings nicht vom Körper selbst hergestellt, sondern müssen über die Nahrung aufgenommen werden, fetter Seefisch ist die hier die wichtigste Quelle. Bei vielen Menschen besteht durch falsche Ernährung, Medikamenteneinnahme oder Erkrankungen ein Omega-3-Mangel. Mikronährstoffexperte Uwe Gröber erklärt in seinem neuen Buch, wie man Omega-3-Mangel feststellen und diesen durch die richtige Ernährung und gezielte und individuelle Supplementierung ausgleichen kann.

</marc:subfield>
   </marc:datafield>
   <marc:datafield ind1=" " ind2=" " tag="020">
      <marc:subfield code="a">9783517099811</marc:subfield>
      <marc:subfield code="9">9783517099811</marc:subfield>
   </marc:datafield>
   <marc:datafield ind1=" " ind2=" " tag="020">
      <marc:subfield code="a">3517099813</marc:subfield>
      <marc:subfield code="9">3517099813</marc:subfield>
   </marc:datafield>
   <marc:datafield ind1=" " ind2=" " tag="300">
      <marc:subfield code="a">144 Seiten</marc:subfield>
   </marc:datafield>
</marc:record>
